|
|
|
|
| LEADER |
01015cam a2200253 7i4500 |
| 001 |
0000074186 |
| 005 |
20230109090000.0 |
| 020 |
|
|
|a 9781292437491 (electronic book)
|
| 090 |
0 |
0 |
|a TK5105.59
|b .S73 2023
|
| 100 |
1 |
|
|a Stallings, William
|
| 245 |
1 |
0 |
|a Cryptography and network security :
|b principles and practice
|c William Stallings.
|
| 250 |
|
|
|a Eighth edition (Global edition).
|
| 264 |
|
|
|a Harlow, United Kingdom:
|b Pearson,
|c 2023.
|
| 300 |
|
|
|a 1 online resource (832 pages):
|b illustrations (chiefly color), text file, PDF.
|
| 336 |
|
|
|a text
|2 rdacontent
|
| 337 |
|
|
|a computer
|2 rdamedia
|
| 338 |
|
|
|a online resource
|2 rdacarrier
|
| 650 |
|
0 |
|a Computer networks --
|x Security measures
|
| 650 |
|
0 |
|a Data encryption (Computer science)
|
| 655 |
|
0 |
|a Electronic books
|
| 856 |
4 |
2 |
|u http://library.unisel.edu.my/web/guest/mylibrary
|
| 997 |
|
|
|a Communication, Visual Art & Computing, Faculty
|b Computing, Department
|
| 998 |
|
|
|a Computer Science, Degree
|
| 999 |
|
|
|a EBO0017471
|b EBOOK
|c EBOOK
|e Electronic resources
|